[Event "Obert Pobla de Lillet 2016"]
[Site "La Pobla de Lillet ESP"]
[Date "2016.08.08"]
[Round "7.5"]
[White "Perez Garcia, A."]
[Black "Travesset Ribera, D."]
[Result "1-0"]
[WhiteElo "2073"]
[BlackElo "2139"]
[PlyCount "127"]
[EventDate "2016.08.02"]
[EventType "swiss"]
[EventRounds "9"]
[EventCountry "ESP"]
[SourceTitle "Ajedrez en Madrid"]
[Source "lmi"]
[SourceDate "2016.08.02"]

1. e4 d5 2. exd5 Qxd5 3. Nc3 Qd8 4. d4 Nf6 5. Nf3 Bg4 6. h3 Bxf3 7. Qxf3 c6 8.
Be3 e6 9. O-O-O Bb4 10. Ne4 Nxe4 11. Qxe4 Qd5 12. Qxd5 cxd5 13. c3 Bd6 14. Bd3
Nd7 15. Rde1 O-O 16. Bd2 Rab8 17. f4 b5 18. b4 Rfc8 19. Kb2 a6 20. a4 bxa4 21.
Bxa6 Rc6 22. Bd3 Nb6 23. Rhf1 Be7 24. f5 Bf6 25. Bb5 Nc4+ 26. Bxc4 dxc4 27.
fxe6 fxe6 28. Re4 Rd8 29. Bf4 Rd5 30. Rfe1 Kf7 31. Be5 Ke7 32. Ka3 h6 33. Rg4
h5 34. Bxf6+ gxf6 35. Rg7+ Kf8 36. Ra7 e5 37. dxe5 fxe5 38. Kxa4 Re6 39. Ra5
Rd2 40. Raxe5 Rb6 41. b5 Rb2 42. Ka5 Rb8 43. Rxh5 Kf7 44. g4 Rb3 45. Rf5+ Kg6
46. Re6+ Kg7 47. Rb6 Ra8+ 48. Ra6 Rb8 49. Rg5+ Kh7 50. Rh5+ Kg7 51. Ra7+ Kf6
52. Rc7 Rxc3 53. b6 Ra3+ 54. Kb4 Rb3+ 55. Kxc4 R8xb6 56. Rh6+ Kg5 57. Rxb6 Rxb6
58. Kd4 Rb3 59. Rc3 Rb1 60. Ke4 Kh4 61. Rf3 Rb5 62. Kf4 Ra5 63. Re3 Rb5 64. Re5
1-0

[Event "Obert Pobla de Lillet 2016"]
[Site "La Pobla de Lillet ESP"]
[Date "2016.08.08"]
[Round "7.6"]
[White "Ayza Ballester, J."]
[Black "Gonzalez Rodriguez, JA."]
[Result "1-0"]
[WhiteElo "2168"]
[BlackElo "2306"]
[PlyCount "44"]
[EventDate "2016.08.02"]
[EventType "swiss"]
[EventRounds "9"]
[EventCountry "ESP"]
[SourceTitle "Ajedrez en Madrid"]
[Source "lmi"]
[SourceDate "2016.08.02"]

1. e4 g6 2. d4 Bg7 3. Nc3 d6 4. Be3 c6 5. Qd2 b5 6. a4 b4 7. Na2 a5 8. c3 bxc3
9. Nxc3 Ba6 10. Bxa6 Nxa6 11. Nge2 Rb8 12. d5 c5 13. Rb1 Nc7 14. O-O Nf6 15.
Bh6 O-O 16. Bxg7 Kxg7 17. f4 Rb4 18. Qc2 Qb8 19. h3 Qb7 20. Rfd1 Rb8 21. Rd2 e6
22. e5 dxe5 1-0

[Event "Obert Pobla de Lillet 2016"]
[Site "La Pobla de Lillet ESP"]
[Date "2016.08.08"]
[Round "7.7"]
[White "Vargas Drechsler, C."]
[Black "Renteria Becerra, J."]
[Result "0-1"]
[WhiteElo "1925"]
[BlackElo "2264"]
[PlyCount "104"]
[EventDate "2016.08.02"]
[EventType "swiss"]
[EventRounds "9"]
[EventCountry "ESP"]
[SourceTitle "Ajedrez en Madrid"]
[Source "lmi"]
[SourceDate "2016.08.02"]

1. d4 Nf6 2. Nf3 c5 3. c4 cxd4 4. Nxd4 e5 5. Nc2 d5 6. cxd5 Qxd5 7. Qxd5 Nxd5
8. e4 Nb4 9. Nxb4 Bxb4+ 10. Bd2 Nc6 11. Bb5 Bd7 12. O-O Bxd2 13. Nxd2 Nd4 14.
Bxd7+ Kxd7 15. Rfd1 Ke6 16. Kf1 Rac8 17. Rac1 Rhd8 18. Nc4 g6 19. Ne3 f5 20. f3
fxe4 21. fxe4 Rf8+ 22. Ke1 Rxc1 23. Rxc1 Rf4 24. Rc7 Rxe4 25. Kd2 Rf4 26. Rxb7
Rf2+ 27. Kd3 Nf5 28. Nxf5 gxf5 29. Rxh7 Rxg2 30. Rxa7 Rxb2 31. Ra6+ Kf7 32. h4
Rh2 33. Ra5 Rh3+ 34. Ke2 Rh2+ 35. Ke3 f4+ 36. Ke4 Re2+ 37. Kf3 Re3+ 38. Kf2 Kf6
39. Ra8 Rh3 40. a4 Kf5 41. Rh8 Ra3 42. Ra8 Ra2+ 43. Kf1 e4 44. h5 Kg4 45. h6
Rh2 46. Ra6 Kf3 47. Kg1 Rh5 48. Re6 e3 49. Rb6 Rg5+ 50. Kh2 e2 51. Re6 Rh5+ 52.
Kg1 Rxh6 0-1

[Event "Obert Pobla de Lillet 2016"]
[Site "La Pobla de Lillet ESP"]
[Date "2016.08.08"]
[Round "7.8"]
[White "Tejero Royo, F."]
[Black "Simon Padros, E."]
[Result "0-1"]
[WhiteElo "2012"]
[BlackElo "2191"]
[PlyCount "76"]
[EventDate "2016.08.02"]
[EventType "swiss"]
[EventRounds "9"]
[EventCountry "ESP"]
[SourceTitle "Ajedrez en Madrid"]
[Source "lmi"]
[SourceDate "2016.08.02"]

1. e4 e6 2. d4 d5 3. e5 c5 4. c3 Nc6 5. Nf3 Bd7 6. Be2 Nge7 7. a3 c4 8. Bg5 h6
9. Bf4 Na5 10. Nbd2 Bc6 11. g4 Qd7 12. O-O g5 13. Be3 Ng6 14. Ne1 Be7 15. Ng2
O-O-O 16. Qb1 Rdg8 17. f3 Rg7 18. Kf2 h5 19. h3 hxg4 20. hxg4 Rgh7 21. Rg1 Rh3
22. Bd1 R8h6 23. Bc2 Qe8 24. Qd1 Nh4 25. Nxh4 R6xh4 26. Nf1 Qh8 27. Qd2 Qh6 28.
Re1 Rh1 29. Rg2 R4h3 30. Ke2 Qh4 31. Bf2 Qh6 32. Be3 Nb3 33. Bxb3 cxb3 34. Kf2
Bb5 35. Ng3 Qh4 36. Rxh1 Rxh1 37. c4 Bxc4 38. Qa5 Rf1# 0-1

[Event "Obert Pobla de Lillet 2016"]
[Site "La Pobla de Lillet ESP"]
[Date "2016.08.08"]
[Round "7.9"]
[White "Collell Rodriguez, V."]
[Black "Junyent Llobet, J."]
[Result "0-1"]
[WhiteElo "1860"]
[BlackElo "2070"]
[PlyCount "60"]
[EventDate "2016.08.02"]
[EventType "swiss"]
[EventRounds "9"]
[EventCountry "ESP"]
[SourceTitle "Ajedrez en Madrid"]
[Source "lmi"]
[SourceDate "2016.08.02"]

1. e4 c5 2. Nf3 Nc6 3. d4 cxd4 4. Nxd4 e5 5. Nb5 a6 6. Nd6+ Bxd6 7. Qxd6 Qf6 8.
Qd1 d5 9. exd5 Nd4 10. Bd3 Ne7 11. c4 b5 12. Nc3 bxc4 13. Bxc4 Qg6 14. Kf1 O-O
15. Bd3 Bf5 16. Bxf5 Qxf5 17. Kg1 Nc2 18. Rb1 Rad8 19. Be3 Nxd5 20. Nxd5 Rxd5
21. Qf1 Rfd8 22. h4 Qh5 23. Qc4 Nd4 24. Kf1 Nf5 25. g4 Nxe3+ 26. fxe3 Qg6 27.
Rc1 Qf6+ 28. Kg1 Qf3 29. Rh3 Rd1+ 30. Rxd1 Rxd1+ 0-1

[Event "Obert Pobla de Lillet 2016"]
[Site "La Pobla de Lillet ESP"]
[Date "2016.08.08"]
[Round "7.10"]
[White "Gabarro Sole, R."]
[Black "Masague Artero, G."]
[Result "0-1"]
[WhiteElo "2058"]
[BlackElo "1747"]
[PlyCount "134"]
[EventDate "2016.08.02"]
[EventType "swiss"]
[EventRounds "9"]
[EventCountry "ESP"]
[SourceTitle "Ajedrez en Madrid"]
[Source "lmi"]
[SourceDate "2016.08.02"]

1. e4 c5 2. Nf3 Nc6 3. Nc3 g6 4. d4 cxd4 5. Nxd4 Bg7 6. Be3 Nf6 7. Bc4 Ng4 8.
Qxg4 Nxd4 9. O-O-O d5 10. Qh4 dxc4 11. Bxd4 Bxd4 12. e5 Qa5 13. Rxd4 Be6 14.
Re1 b5 15. a3 Rb8 16. Kd2 b4 17. axb4 Rxb4 18. b3 Rb5 19. bxc4 Rb2 20. Qe4 O-O
21. g4 Rc8 22. h3 Rb4 23. Re3 Rbxc4 24. Rxc4 Rxc4 25. Qh1 Rd4+ 26. Rd3 Qc5 27.
Qe1 Bc4 28. Rxd4 Qxd4+ 29. Kc1 Kg7 30. g5 Be6 31. h4 Qxh4 32. Qe3 h5 33. gxh6+
Qxh6 34. f4 Qh1+ 35. Kb2 Qb7+ 36. Kc1 Qb4 37. Ne4 Qc4 38. Ng3 a5 39. Kb2 Qb5+
40. Kc1 a4 41. f5 Bxf5 42. Nxf5+ gxf5 43. Qg5+ Kf8 44. Qxf5 f6 45. Qc8+ Kf7 46.
e6+ Kg7 47. Qd7 Qb4 48. Qd5 a3 49. Qg2+ Kh6 50. Qh1+ Kg5 51. Qg2+ Kf4 52. Qh2+
Kf5 53. Qh3+ Ke5 54. c3 Qb2+ 55. Kd1 Qb1+ 56. Kd2 Qf5 57. Qe3+ Qe4 58. Qa7 Qg2+
59. Kd3 Qd5+ 60. Kc2 a2 61. Kb2 Kxe6 62. Qe3+ Kf7 63. Qh6 Qg2+ 64. Ka1 Qg6 65.
Qc1 Qb1+ 66. Qxb1 axb1=Q+ 67. Kxb1 Ke6 0-1

[Event "Obert Pobla de Lillet 2016"]
[Site "La Pobla de Lillet ESP"]
[Date "2016.08.08"]
[Round "7.18"]
[White "Garcia Galeote, L."]
[Black "Martin Perez, P."]
[Result "1-0"]
[WhiteElo "1962"]
[BlackElo "1788"]
[PlyCount "91"]
[EventDate "2016.08.02"]
[EventType "swiss"]
[EventRounds "9"]
[EventCountry "ESP"]
[SourceTitle "Ajedrez en Madrid"]
[Source "lmi"]
[SourceDate "2016.08.02"]

1. d4 Nf6 2. c4 g6 3. Nc3 Bg7 4. e4 d6 5. Nge2 O-O 6. Ng3 e5 7. d5 a5 8. Be2
Na6 9. h4 c6 10. h5 cxd5 11. cxd5 Nc5 12. Be3 b6 13. f3 Ba6 14. Bxa6 Nxa6 15.
a3 Nc5 16. h6 Bh8 17. Rb1 Ne8 18. Nge2 f5 19. exf5 Rxf5 20. b4 axb4 21. axb4
Nd7 22. Ng3 Rf7 23. Nge4 Ndf6 24. Bg5 Qd7 25. O-O Nxe4 26. Nxe4 Bf6 27. Ra1
Rxa1 28. Qxa1 Bxg5 29. Nxg5 Re7 30. Qa8 Qb5 31. Qd8 Qd7 32. Qxb6 Qb7 33. Qd8
Qd7 34. Qa8 Qb7 35. Ra1 Qxb4 36. Ne4 Qb7 37. Qd8 Qc7 38. Qa8 Qb7 39. Kf2 Kf7
40. Qxe8+ Kxe8 41. Nxd6+ Kf8 42. Nxb7 Rxb7 43. Ke3 Kf7 44. Ra6 Re7 45. Ke4 Ke8
46. Re6 1-0

[Event "Obert Pobla de Lillet 2016"]
[Site "La Pobla de Lillet ESP"]
[Date "2016.08.09"]
[Round "8.1"]
[White "Mellado Triviño, J."]
[Black "Movsziszian, K."]
[Result "1/2-1/2"]
[WhiteElo "2427"]
[BlackElo "2495"]
[PlyCount "32"]
[EventDate "2016.08.02"]
[EventType "swiss"]
[EventRounds "9"]
[EventCountry "ESP"]
[SourceTitle "Ajedrez en Madrid"]
[Source "lmi"]
[SourceDate "2016.08.02"]

1. d4 d6 2. c4 Nf6 3. Nc3 g6 4. e4 Bg7 5. Nf3 O-O 6. Be2 e5 7. dxe5 dxe5 8.
Qxd8 Rxd8 9. Bg5 Re8 10. Nd5 Nxd5 11. cxd5 c6 12. Bc4 cxd5 13. Bxd5 Na6 14.
O-O-O Nc7 15. Bb3 Be6 16. Bxe6 Nxe6 1/2-1/2

[Event "Obert Pobla de Lillet 2016"]
[Site "La Pobla de Lillet ESP"]
[Date "2016.08.09"]
[Round "8.2"]
[White "Capellades Subirana, M."]
[Black "Uribe Arteaga, D."]
[Result "1/2-1/2"]
[WhiteElo "2148"]
[BlackElo "2301"]
[PlyCount "61"]
[EventDate "2016.08.02"]
[EventType "swiss"]
[EventRounds "9"]
[EventCountry "ESP"]
[SourceTitle "Ajedrez en Madrid"]
[Source "lmi"]
[SourceDate "2016.08.02"]

1. e4 g6 2. d4 Bg7 3. c3 d6 4. Be3 Nf6 5. f3 O-O 6. Ne2 Nbd7 7. g4 e5 8. d5 Qe7
9. c4 c6 10. Nbc3 cxd5 11. Nxd5 Nxd5 12. Qxd5 Nb6 13. Qd3 f5 14. gxf5 gxf5 15.
O-O-O fxe4 16. fxe4 Be6 17. b3 d5 18. cxd5 Nxd5 19. Rg1 Qa3+ 20. Kb1 Nb4 21.
Qd2 Bxb3 22. Nc1 Bc2+ 23. Ka1 Rad8 24. Rxg7+ Kxg7 25. Bh6+ Kh8 26. Bg7+ Kxg7
27. Qg5+ Kf7 28. Qf5+ Kg7 29. Qg5+ Kf7 30. Qf5+ Kg7 31. Qg5+ 1/2-1/2

[Event "Obert Pobla de Lillet 2016"]
[Site "La Pobla de Lillet ESP"]
[Date "2016.08.09"]
[Round "8.3"]
[White "Cervello Tost, F."]
[Black "Perez Garcia, A."]
[Result "1-0"]
[WhiteElo "2322"]
[BlackElo "2073"]
[PlyCount "103"]
[EventDate "2016.08.02"]
[EventType "swiss"]
[EventRounds "9"]
[EventCountry "ESP"]
[SourceTitle "Ajedrez en Madrid"]
[Source "lmi"]
[SourceDate "2016.08.02"]

1. Nf3 Nf6 2. g3 d5 3. Bg2 c6 4. d4 Bf5 5. c4 e6 6. O-O h6 7. Nc3 Nbd7 8. Qb3
Qb6 9. c5 Qxb3 10. axb3 a6 11. b4 Rc8 12. Bf4 g5 13. Be5 Bg7 14. Rfe1 Nxe5 15.
Nxe5 Nd7 16. e4 dxe4 17. Bxe4 Bxe4 18. Nxe4 Nf6 19. Nxf6+ Bxf6 20. Nc4 Be7 21.
Re4 O-O 22. f4 gxf4 23. gxf4 Rc7 24. Rae1 Bf6 25. Nd6 Be7 26. Nc4 Bf6 27. f5
exf5 28. Rf4 Rd7 29. Nd6 Rfd8 30. Rd1 Kh7 31. Rxf5 Kg6 32. Rf3 Rxd6 33. cxd6
Rxd6 34. Kg2 Rd5 35. Rg3+ Rg5 36. d5 cxd5 37. Rxd5 Bxb2 38. Rd6+ f6 39. Rb6 Be5
40. Rxg5+ hxg5 41. Rxb7 Kf5 42. h3 Bc3 43. Kf3 Bd4 44. Rc7 Bb2 45. Rc6 Ba3 46.
Rb6 Ke5 47. Kg4 Ke4 48. Rxa6 Bb2 49. Re6+ Kd5 50. Kf5 Kc4 51. Rxf6 Bxf6 52.
Kxf6 1-0

[Event "Obert Pobla de Lillet 2016"]
[Site "La Pobla de Lillet ESP"]
[Date "2016.08.09"]
[Round "8.4"]
[White "Renteria Becerra, J."]
[Black "Ayza Ballester, J."]
[Result "0-1"]
[WhiteElo "2264"]
[BlackElo "2148"]
[PlyCount "99"]
[EventDate "2016.08.02"]
[EventType "swiss"]
[EventRounds "9"]
[EventCountry "ESP"]
[SourceTitle "Ajedrez en Madrid"]
[Source "lmi"]
[SourceDate "2016.08.02"]

1. e4 c5 2. Nf3 Nc6 3. d4 cxd4 4. Nxd4 g6 5. c4 Nf6 6. Nc3 Nxd4 7. Qxd4 d6 8.
Bg5 Bg7 9. Be2 O-O 10. Qd2 a6 11. O-O Rb8 12. a4 Be6 13. f3 Qc7 14. b3 Rfc8 15.
Be3 Qa5 16. Rfc1 Nd7 17. Rab1 Ne5 18. b4 Qd8 19. Nd5 Bxd5 20. exd5 Qd7 21. a5
Rd8 22. Ba7 Ra8 23. Bb6 Rdc8 24. h3 Qf5 25. Rb3 h5 26. g4 hxg4 27. hxg4 Qf6 28.
Kg2 g5 29. Be3 Bh6 30. c5 Ng6 31. Rh1 Nf4+ 32. Kf2 Bg7 33. Bd3 Qe5 34. Be4 Rd8
35. Bxf4 gxf4 36. Rd3 Rac8 37. Bf5 Rc7 38. Rc1 Qf6 39. Qxf4 e6 40. dxe6 fxe6
41. Rxd6 Qh4+ 42. Kg2 exf5 43. Rh1 Qe7 44. Re1 Qf8 45. Qc4+ Rf7 46. Red1 Rxd6
47. Rxd6 fxg4 48. Qxg4 Qe7 49. Re6 Qd7 50. Rd6 0-1

[Event "Obert Pobla de Lillet 2016"]
[Site "La Pobla de Lillet ESP"]
[Date "2016.08.09"]
[Round "8.5"]
[White "Simon Padros, E."]
[Black "Masague Artero, G."]
[Result "1/2-1/2"]
[WhiteElo "2191"]
[BlackElo "1747"]
[PlyCount "48"]
[EventDate "2016.08.02"]
[EventType "swiss"]
[EventRounds "9"]
[EventCountry "ESP"]
[SourceTitle "Ajedrez en Madrid"]
[Source "lmi"]
[SourceDate "2016.08.02"]

1. e4 c5 2. Nc3 Nc6 3. g3 g6 4. Bg2 Bg7 5. f4 d6 6. d3 e6 7. Nf3 Nge7 8. O-O
O-O 9. Be3 Nd4 10. e5 Nef5 11. Bf2 d5 12. Re1 f6 13. exf6 Bxf6 14. h4 Nxf3+ 15.
Bxf3 Nd4 16. Bg2 h5 17. Qd2 b6 18. Nd1 Kg7 19. c3 Nf5 20. Ne3 Bb7 21. Nxf5+
exf5 22. d4 c4 23. Re3 Qd7 24. Rae1 Rfe8 1/2-1/2

[Event "Obert Pobla de Lillet 2016"]
[Site "La Pobla de Lillet ESP"]
[Date "2016.08.09"]
[Round "8.6"]
[White "Sampera Bonet, JC."]
[Black "Povill Claros, X."]
[Result "0-1"]
[WhiteElo "2074"]
[BlackElo "2194"]
[PlyCount "50"]
[EventDate "2016.08.02"]
[EventType "swiss"]
[EventRounds "9"]
[EventCountry "ESP"]
[SourceTitle "Ajedrez en Madrid"]
[Source "lmi"]
[SourceDate "2016.08.02"]

1. e4 c6 2. c4 d5 3. cxd5 cxd5 4. exd5 Nf6 5. Nc3 Nxd5 6. Nf3 Nc6 7. Bb5 a6 8.
Qa4 axb5 9. Qxa8 Nb6 10. Qa3 b4 11. Qb3 Be6 12. Qc2 bxc3 13. dxc3 g6 14. Be3
Bg7 15. O-O O-O 16. Rfd1 Qc7 17. Nd4 Nxd4 18. Bxd4 Bxd4 19. Rxd4 Bf5 20. Qe2 e5
21. Rb4 Bd7 22. Rd1 Bc6 23. Qd2 Nd5 24. Rc4 Qe7 25. Re4 Nxc3 0-1

[Event "Obert Pobla de Lillet 2016"]
[Site "La Pobla de Lillet ESP"]
[Date "2016.08.09"]
[Round "8.7"]
[White "Travesset Ribera, D."]
[Black "Moya Arau, C."]
[Result "1/2-1/2"]
[WhiteElo "2139"]
[BlackElo "2017"]
[PlyCount "47"]
[EventDate "2016.08.02"]
[EventType "swiss"]
[EventRounds "9"]
[EventCountry "ESP"]
[SourceTitle "Ajedrez en Madrid"]
[Source "lmi"]
[SourceDate "2016.08.02"]

1. d4 Nf6 2. Nf3 e6 3. c4 b6 4. g3 Bb7 5. Bg2 d5 6. Nc3 g6 7. cxd5 exd5 8. O-O
Bg7 9. Bf4 c6 10. Qd2 O-O 11. Bh6 Nbd7 12. Bxg7 Kxg7 13. Rfd1 Qe7 14. Rac1 Rad8
15. Qf4 Rc8 16. h4 Nh5 17. Qg5 f6 18. Qd2 f5 19. e3 Nhf6 20. Ne2 Ne4 21. Qd3 h6
22. a3 Qf6 23. b4 b5 24. Qb3 1/2-1/2

[Event "Obert Pobla de Lillet 2016"]
[Site "La Pobla de Lillet ESP"]
[Date "2016.08.09"]
[Round "8.8"]
[White "Gonzalez Rodriguez, JA."]
[Black "Corrigüelas Armillas, F."]
[Result "1-0"]
[WhiteElo "2306"]
[BlackElo "1980"]
[PlyCount "109"]
[EventDate "2016.08.02"]
[EventType "swiss"]
[EventRounds "9"]
[EventCountry "ESP"]
[SourceTitle "Ajedrez en Madrid"]
[Source "lmi"]
[SourceDate "2016.08.02"]

1. b3 Nf6 2. Bb2 g6 3. Bxf6 exf6 4. d4 d5 5. e3 c5 6. dxc5 Bxc5 7. c3 Nc6 8.
Ne2 O-O 9. Nd2 Ne5 10. Nd4 Re8 11. Be2 f5 12. O-O Be6 13. N2f3 Ng4 14. b4 Bd6
15. a3 Rc8 16. Rc1 Bb8 17. g3 h5 18. c4 h4 19. Nxe6 fxe6 20. cxd5 Rxc1 21. Qxc1
exd5 22. Nxh4 Nxh2 23. Rd1 Qg5 24. Ng2 Ng4 25. Bxg4 fxg4 26. Qc5 Rd8 27. e4 Kg7
28. Rxd5 Rxd5 29. exd5 b6 30. Qd4+ Be5 31. Qd1 Bd6 32. a4 Kf7 33. b5 Kg7 34.
Qd4+ Be5 35. Qe3 Qf6 36. Qe2 Qg5 37. Qc4 Bd6 38. Ne3 Bxg3 39. Qxg4 Qxg4 40.
Nxg4 Bf4 41. Kg2 Kf7 42. Kf3 g5 43. Ne3 Ke7 44. Nc4 Kd7 45. Ke4 Bc1 46. f3 Bf4
47. Kd4 Bh2 48. Ne5+ Kc7 49. Nf7 Bf4 50. Ke4 Bc1 51. Ke5 Kd7 52. d6 Bf4+ 53.
Kd5 Bh2 54. Ne5+ Kc8 55. Ke6 1-0

[Event "Obert Pobla de Lillet 2016"]
[Site "La Pobla de Lillet ESP"]
[Date "2016.08.09"]
[Round "8.9"]
[White "Duran Burniol, J."]
[Black "Barcelo Sola, D."]
[Result "0-1"]
[WhiteElo "1923"]
[BlackElo "2022"]
[PlyCount "48"]
[EventDate "2016.08.02"]
[EventType "swiss"]
[EventRounds "9"]
[EventCountry "ESP"]
[SourceTitle "Ajedrez en Madrid"]
[Source "lmi"]
[SourceDate "2016.08.02"]

1. f4 e5 2. fxe5 d6 3. exd6 Bxd6 4. Nf3 g5 5. g3 g4 6. Nh4 Ne7 7. d4 Ng6 8.
Nxg6 hxg6 9. Qd3 Nc6 10. c3 Qe7 11. Bg2 Bf5 12. e4 O-O-O 13. Be3 Be6 14. Nd2
Rxh2 15. Qf1 Rxh1 16. Bxh1 Bxg3+ 17. Kd1 f5 18. d5 Bxd5 19. exd5 Qxe3 20. Kc2
Ne5 21. Qg2 Rh8 22. Nf1 Qd3+ 23. Kb3 Bf4 24. Re1 Nf3 0-1

[Event "Obert Pobla de Lillet 2016"]
[Site "La Pobla de Lillet ESP"]
[Date "2016.08.09"]
[Round "8.10"]
[White "Povill Batlle, R."]
[Black "Tejero Royo, F."]
[Result "1/2-1/2"]
[WhiteElo "1886"]
[BlackElo "2012"]
[PlyCount "45"]
[EventDate "2016.08.02"]
[EventType "swiss"]
[EventRounds "9"]
[EventCountry "ESP"]
[SourceTitle "Ajedrez en Madrid"]
[Source "lmi"]
[SourceDate "2016.08.02"]

1. e4 e5 2. Nf3 Nc6 3. Bc4 Be7 4. c3 Nf6 5. d3 d6 6. Bb3 Bg4 7. Nbd2 Qd7 8. Nc4
d5 9. Ne3 dxe4 10. dxe4 Nxe4 11. Nxg4 Qxg4 12. Bxf7+ Kf8 13. O-O Qf5 14. Bb3 g5
15. Nd2 Nxd2 16. Qxd2 h5 17. Qd5 Rd8 18. Qe6 Qxe6 19. Bxe6 Kg7 20. Be3 Kf6 21.
Bb3 b6 22. Rfd1 Na5 23. Kf1 1/2-1/2

[Event "Obert Pobla de Lillet 2016"]
[Site "La Pobla de Lillet ESP"]
[Date "2016.08.09"]
[Round "8.17"]
[White "Arias Castañedo, J."]
[Black "Garcia Galeote, L."]
[Result "0-1"]
[WhiteElo "1896"]
[BlackElo "1962"]
[PlyCount "90"]
[EventDate "2016.08.02"]
[EventType "swiss"]
[EventRounds "9"]
[EventCountry "ESP"]
[SourceTitle "Ajedrez en Madrid"]
[Source "lmi"]
[SourceDate "2016.08.02"]

1. Nf3 b6 2. d4 Bb7 3. c4 e6 4. a3 d6 5. Nc3 Nd7 6. e4 g6 7. Bd3 Bg7 8. Be3 Ne7
9. O-O h6 10. Qc2 O-O 11. b4 a6 12. Nd2 e5 13. d5 Nf6 14. f3 Nh5 15. Rab1 Nf4
16. Ne2 g5 17. Nxf4 exf4 18. Bf2 Ng6 19. Nb3 Ne5 20. Nd4 Bc8 21. Be2 h5 22. Nf5
Bxf5 23. exf5 g4 24. Rb3 Qg5 25. Kh1 a5 26. c5 axb4 27. axb4 bxc5 28. bxc5 Ra5
29. cxd6 cxd6 30. Bb6 Raa8 31. Bb5 Rfc8 32. Bc6 Ra4 33. Rc3 Ra6 34. Bg1 Nxf3
35. gxf3 Bxc3 36. Qxc3 Ra2 37. fxg4 hxg4 38. Qc4 Rb2 39. Qxf4 Qh5 40. f6 Rxc6
41. dxc6 Qd5+ 42. Rf3 Qxf3+ 43. Qxf3 gxf3 44. c7 Rc2 45. Bb6 Rc1+ 0-1

[Event "Obert Pobla de Lillet 2016"]
[Site "La Pobla de Lillet ESP"]
[Date "2016.08.10"]
[Round "9.2"]
[White "Mellado Triviño, J."]
[Black "Capellades Subirana, M."]
[Result "1-0"]
[WhiteElo "2427"]
[BlackElo "2148"]
[PlyCount "65"]
[EventDate "2016.08.02"]
[EventType "swiss"]
[EventRounds "9"]
[EventCountry "ESP"]
[SourceTitle "Ajedrez en Madrid"]
[Source "lmi"]
[SourceDate "2016.08.02"]

1. c4 f5 2. Nc3 Nf6 3. Nf3 d6 4. d4 e6 5. Bg5 Be7 6. e3 Nbd7 7. Bd3 Nf8 8. Qc2
c6 9. O-O d5 10. cxd5 Nxd5 11. Bxe7 Nxe7 12. e4 Nfg6 13. exf5 exf5 14. Bc4 Qd6
15. Rfe1 Bd7 16. Ne5 Rf8 17. Qb3 O-O-O 18. Nf7 Rxf7 19. Bxf7 Nh4 20. d5 Qf6 21.
dxc6 bxc6 22. Bc4 Kc7 23. Qa3 Nc8 24. Qa5+ Kb7 25. Ba6+ Ka8 26. Qc7 Nd6 27. Re3
f4 28. Ne4 Qg6 29. Qxd8+ Bc8 30. g3 fxe3 31. Nxd6 exf2+ 32. Kf1 Qd3+ 33. Bxd3
1-0

[Event "Obert Pobla de Lillet 2016"]
[Site "La Pobla de Lillet ESP"]
[Date "2016.08.10"]
[Round "9.3"]
[White "Uribe Arteaga, D."]
[Black "Perez Garcia, A."]
[Result "1-0"]
[WhiteElo "2301"]
[BlackElo "2073"]
[PlyCount "67"]
[EventDate "2016.08.02"]
[EventType "swiss"]
[EventRounds "9"]
[EventCountry "ESP"]
[SourceTitle "Ajedrez en Madrid"]
[Source "lmi"]
[SourceDate "2016.08.02"]

1. d4 Nf6 2. c4 e6 3. Nc3 Bb4 4. f3 c5 5. a3 Bxc3+ 6. bxc3 d5 7. cxd5 exd5 8.
e3 c4 9. Ne2 O-O 10. g4 Re8 11. Bg2 Nc6 12. Ng3 h6 13. O-O Na5 14. Ra2 Nb3 15.
Re2 b5 16. Bb2 a5 17. h3 Nd7 18. e4 Nb6 19. e5 Na4 20. f4 Ra7 21. f5 b4 22. Qe1
Nxb2 23. Rxb2 bxc3 24. Qxc3 Bb7 25. f6 g6 26. Kh2 Qb6 27. Ne2 Bc6 28. Nf4 g5
29. Ne2 Qd8 30. Ng3 Bd7 31. Bxd5 Rc7 32. Bg2 Bc6 33. Bxc6 Rxc6 34. Rxb3 1-0

[Event "Obert Pobla de Lillet 2016"]
[Site "La Pobla de Lillet ESP"]
[Date "2016.08.10"]
[Round "9.4"]
[White "Povill Claros, X."]
[Black "Cervello Tost, F."]
[Result "1/2-1/2"]
[WhiteElo "2194"]
[BlackElo "2322"]
[PlyCount "91"]
[EventDate "2016.08.02"]
[EventType "swiss"]
[EventRounds "9"]
[EventCountry "ESP"]
[SourceTitle "Ajedrez en Madrid"]
[Source "lmi"]
[SourceDate "2016.08.02"]

1. d4 Nf6 2. c4 e6 3. Nc3 Bb4 4. e3 c5 5. Nge2 b6 6. a3 Bxc3+ 7. Nxc3 d6 8. d5
O-O 9. Bd3 exd5 10. cxd5 Ba6 11. O-O Nfd7 12. e4 Bxd3 13. Qxd3 Re8 14. f4 a6
15. a4 f6 16. Ne2 Nf8 17. Ng3 Ra7 18. Bd2 Rb7 19. Rae1 b5 20. Nh5 c4 21. Qg3
Kh8 22. e5 dxe5 23. fxe5 fxe5 24. Rxe5 Rxe5 25. Qxe5 Ng6 26. Qd4 Nc6 27. Qc5
Nce5 28. Bc3 Kg8 29. d6 Qb6 30. Qxb6 Rxb6 31. Bxe5 Nxe5 32. Re1 Nc6 33. d7 Kf7
34. axb5 Rxb5 35. Re8 Rxh5 36. Rc8 Rd5 37. Rxc6 Rxd7 38. Rxc4 Rd1+ 39. Kf2 Rd2+
40. Kf3 Rxb2 41. Rc7+ Kf8 42. Rc8+ Ke7 43. Rc7+ Kf8 44. Rc8+ Kf7 45. Rc7+ Kf8
46. Rc8+ 1/2-1/2

[Event "Obert Pobla de Lillet 2016"]
[Site "La Pobla de Lillet ESP"]
[Date "2016.08.10"]
[Round "9.5"]
[White "Moya Arau, C."]
[Black "Gonzalez Rodriguez, JA."]
[Result "1-0"]
[WhiteElo "2017"]
[BlackElo "2306"]
[PlyCount "52"]
[EventDate "2016.08.02"]
[EventType "swiss"]
[EventRounds "9"]
[EventCountry "ESP"]
[SourceTitle "Ajedrez en Madrid"]
[Source "lmi"]
[SourceDate "2016.08.02"]

1. e4 g6 2. Nc3 Bg7 3. f4 c5 4. Nf3 Nc6 5. Bc4 d6 6. O-O e6 7. d3 Nge7 8. Qe1
a6 9. a4 b6 10. f5 gxf5 11. Ng5 Ne5 12. exf5 exf5 13. Nd5 Ra7 14. Nh3 Nxd5 15.
Bxd5 O-O 16. Qg3 Kh8 17. Bg5 Qe8 18. Rae1 f6 19. Bd2 Qxa4 20. Nf4 Qe8 21. Qh4
Rd7 22. Re3 h6 23. Rh3 Ng4 24. Nh5 Bb7 25. Nxg7 Rxg7 26. Bxh6 Bxd5 1-0

[Event "Obert Pobla de Lillet 2016"]
[Site "La Pobla de Lillet ESP"]
[Date "2016.08.10"]
[Round "9.6"]
[White "Masague Artero, G."]
[Black "Renteria Becerra, J."]
[Result "0-1"]
[WhiteElo "1747"]
[BlackElo "2264"]
[PlyCount "44"]
[EventDate "2016.08.02"]
[EventType "swiss"]
[EventRounds "9"]
[EventCountry "ESP"]
[SourceTitle "Ajedrez en Madrid"]
[Source "lmi"]
[SourceDate "2016.08.02"]

1. d4 Nf6 2. c4 g6 3. Nc3 Bg7 4. e4 d6 5. Nf3 O-O 6. Be2 c6 7. O-O Nbd7 8. h3
e5 9. dxe5 dxe5 10. Be3 Qe7 11. Qc2 Re8 12. a3 Nh5 13. g3 Nf8 14. Kg2 f5 15.
exf5 gxf5 16. Nh4 Qf7 17. f4 exf4 18. Bxf4 Nxf4+ 19. gxf4 Bxc3 20. bxc3 Qe7 21.
Bh5 Qxh4 22. Bxe8 Be6 0-1